FORTRAN programming, a spiral approach : compatible with WATFOR/WATFIV and FORTRAN 77

Saved in:
Bibliographic Details
Main Author: Kreitzberg, Charles B.
Other Authors: Shneiderman, Ben
Format: Book
Language:English
Published: New York : Harcourt Brace Jovanovich, c1982
Edition:2nd ed.
Subjects:
Tags: Add Tag
No Tags, Be the first to tag this record!

MARC

LEADER 00000nam a2200000 i 4500
001 1/57118
008 950217s1982 eng d
020 |a 0155280155 ((pbk.)) 
035 |l 10028137 
040 |a GR-MY-UA  |b gre  |e aacr 
041 0 |a eng 
082 0 |a 001.6424 
100 1 |a Kreitzberg, Charles B. 
245 1 0 |a FORTRAN programming, a spiral approach :  |b compatible with WATFOR/WATFIV and FORTRAN 77 /  |c Charles B. Kreitzberg, Ben Shneiderman 
246 3 3 |a F.O.R.T.R.A.N. programming, a spiral approach 
250 |a 2nd ed. 
260 |a New York :   |b Harcourt Brace Jovanovich,   |c c1982 
300 |a x, 437 σ.;  |b εικ.;  |c 28 εκ. 
504 |a Περιλαμβάνει ευρετήριο 
650 0 0 |a FORTRAN (Computer program language) 
700 1 |a Shneiderman, Ben. 
852 |a INST  |b CHIOS  |e 19950217  |h 001.6424 KRE  |p 005200006806  |q 005200006806  |t BK  |y 0 
909 |a Χ  |b 005251